| 000 -ლიდერი |
| ფიქსირებული სიგრძის საკონტროლო ველი |
01365nam a22002297a 4500 |
| 003 - საკონტროლო ნომრის იდენტიფიკატორი |
| საკონტროლო ველი |
Ge_BSU |
| 005 - ბოლო ოპერაციის თარიღი და დრო |
| საკონტროლო ველი |
20221228153734.0 |
| 008 - ფიქსირებული სიგრძის მონაცემთა ელემენტები - ზოგადი ინფორმაცია |
| ფიქსირებული სიგრძის საკონტროლო ველი |
221228s2021ge xxu||||| |||| 00| 0 geo d |
| 041 ## - ენის კოდი |
| Language code of text/sound track or separate title |
geo |
| 080 ## - უნივერსალური ათობითი კლასიფიკაციის ინდექსი |
| Universal Decimal Classification number |
323.1(031)ნ-37 |
| 245 ## - ცნობა სათაურის შესახებ |
| Title |
ნაციონალიზმი : |
| Remainder of title |
ენციკლოპედიური ცნობარი / |
| Statement of responsibility, etc |
ავტორთა ჯგუფი: ივანე წერეთელი, ირაკლი ჩხაიძე, მალხაზ მაცაბერიძე, დავით მაცაბერიძე ; რედაქტორი მალხაზ მაცაბერიძე ; |
| 264 ## - წარმოების, გამოცემის, დისტრიბუციის და სხვა ცნობები |
| გამოცემის, წარმოების, დისტრიბუციის... ადგილი |
თბილისი, |
| გამოცემის, წარმოების, დისტრიბუციის... თარიღი |
2021. |
| 300 ## - ფიზიკური აღწერა |
| Extent |
192 გვ. ; |
| Other physical details |
29,5 სმ |
| 653 ## - INDEX TERM--UNCONTROLLED |
| Uncontrolled term |
ნაციონალიზმი -- ენციკლოპედიები. |
| 700 ## - ADDED ENTRY--PERSONAL NAME |
| Personal name |
წერეთელი, ივანე |
| 9 (RLIN) |
16612 |
| 700 ## - ADDED ENTRY--PERSONAL NAME |
| Personal name |
ჩხაიძე, ირაკლი |
| 9 (RLIN) |
16613 |
| 700 ## - ADDED ENTRY--PERSONAL NAME |
| Personal name |
მაცაბერიძე, მალხაზ |
| 9 (RLIN) |
16614 |
| 700 ## - ADDED ENTRY--PERSONAL NAME |
| Personal name |
მაცაბერიძე, დავით |
| 9 (RLIN) |
16615 |
| 700 ## - ADDED ENTRY--PERSONAL NAME |
| Personal name |
მაცაბერიძე, მალხაზ |
| Relator term |
რედაქტორი |
| 9 (RLIN) |
16616 |
| 710 ## - ADDED ENTRY--CORPORATE NAME |
| Corporate name or jurisdiction name as entry element |
შოთა რუსთაველის ეროვნული სამეცნიერო ფონდი. |
| 9 (RLIN) |
6480 |
| 942 ## - ADDED ENTRY ELEMENTS (KOHA) |
| Source of classification or shelving scheme |
|
| Koha item type |
წიგნი |